000 00684nam a2200157 i 4500
001 187482
003 ES-MaACL
005 20250816063152.0
008 170822s1577 sz |||| | lat d
100 1 _aGiòvio, Paolo,
_d1483-1552
_9163534
245 1 0 _aPauli Iovii Nouocomensis Episcopi Nucerini Elogia virorum literis illustrium
_b: quotquot vel nostra vel avorum memoria vixere : ex eiusdem Musaeo (cuius descriptionem vnà exhibemus) ad vivum expressis imaginibus exornata.
260 _aBasilea :
_bPetri Pernae typographi opera ac stvdio,
_c1577.
300 _a4 h., 149 p.,1h. ;
_c35 cm.
852 _aES-MaACL
_jR-1551(2)
_x Olim: G-3289
999 _c187482
_d187482